Vatikanoko II. Kontzilio Ekumenikoa (Record no. 84908)

MARC details
000 -LEADER
campo de control de longitud fija 00497nmm a2200169Ia 4500
008 - DATOS DE LONGITUD FIJA--INFORMACIÓN GENERAL
campo de control de longitud fija 251105s9999||||xx |||||||||||||||||und||
020 ## - NÚMERO INTERNACIONAL ESTÁNDAR DEL LIBRO
Número Internacional Estándar del Libro 9788474859102
041 ## - CÓDIGO DE IDIOMA
Código de lengua del texto/banda sonora o título independiente baq
100 ## - ENTRADA PRINCIPAL--NOMBRE DE PERSONA
Nombre de persona Varios autores
245 #0 - MENCIÓN DEL TÍTULO
Título Vatikanoko II. Kontzilio Ekumenikoa
264 ## - PRODUCCIÓN, PUBLICACIÓN, DISTRIBUCIÓN, FABRICACIÓN Y COPYRIGHT
Producción, publicación, distribución, fabricación y copyright [Madrid, España] :
Nombre del de productor, editor, distribuidor, fabricante Universidad de Deusto,
Fecha de producción, publicación, distribución, fabricación o copyright 2003
300 ## - DESCRIPCIÓN FÍSICA
Extensión 150 páginas
490 ## - MENCIÓN DE SERIE
Mención de serie Gris - Erlijio Kulturaren Bilduma
650 ## - PUNTO DE ACCESO ADICIONAL DE MATERIA--TÉRMINO DE MATERIA
Término de materia o nombre geográfico como elemento de entrada Religion(s)
856 ## - LOCALIZACIÓN Y ACCESO ELECTRÓNICOS
Identificador Uniforme de Recursos <a href="https://public.digitaliapublishing.com/a/18056">https://public.digitaliapublishing.com/a/18056</a>
942 ## - ELEMENTOS DE ENTRADA SECUNDARIOS (KOHA)
Tipo de ítem Koha Libro Digital

No items available.

Powered by Koha